| 000 | 02450nam0a2200361 4500 | ||
|---|---|---|---|
| 001 | RU\NLR\BIBL_A\022497788 | ||
| 005 | 20250528161701.0 | ||
| 010 |
_a978-5-6052191-4-9 _9664 |
||
| 021 |
_aRU _bКН-П-25-001763 _9КН-П-25-0165 |
||
| 035 | _a(NLR Aleph) 022497788 | ||
| 090 |
_a13427327 _c13427327 |
||
| 100 | _a20250321d2024 k y0rusy50 ca | ||
| 101 | 0 |
_arus _deng |
|
| 102 | _aRU | ||
| 105 | _ay z 100zy | ||
| 181 | 0 |
_ai _baxxe |
|
| 182 | 0 | _an | |
| 200 | 1 |
_aКонтроль и профилактика инфекций, связанных с оказанием медицинской помощи (ИСМП - 2024) _dControl and prevention of healthcare-associated infections (HAls-2024) _eXII Конгресс с международным участием, 28-29 ноября 2024 г. _eсборник тезисов _fФедеральная служба по надзору в сфере защиты прав потребителей и благополучия человека, ФБУН ЦНИИ эпидемиологии Роспотребнадзора, Всероссийское научно-практическое общество эпидемиологов, микробиологов и паразитологов _gпод редакцией академика В. Г. Акимкина _zeng |
|
| 203 |
_aТекст _bвизуальный _cнепосредственный |
||
| 210 |
_aМосква _cФБУН ЦНИИ Эпидемиологии Роспотребнадзора _d2024 |
||
| 215 |
_a136 с. _d24 |
||
| 300 | _aРез. англ. | ||
| 510 | 1 |
_aControl and prevention of healthcare-associated infections (HAls-2024) _zeng |
|
| 606 | 1 |
_aЯтрогенные инфекции _jТезисы докладов _92336889 _3RU\NLR\AUTH\6601620876 |
|
| 686 | 1 | _aР190.159я431(2) | |
| 702 | 1 |
_aАкимкин _bВ. Г. _f1965- _gВасилий Геннадьевич _4340 |
|
| 711 | 1 | 2 |
_a"Контроль и профилактика инфекций, связанных с оказанием медицинской помощи", конгресс с международным участием _d12 _eМосква _f2024 _92657776 _3RU\NLR\AUTH\880625408 |
| 712 | 0 | 2 |
_4475 _aЦНИИ эпидемиологии _cМосква _9364369 _3RU\NLR\AUTH\889934661 |
| 942 | _cBOOK | ||
| 980 | _aNB | ||